000 00712nam a2200205 4500
001 140249
003 ES-MaACL
005 20230906200036.0
007 t|
008 070214s1970 sp r ||||1| spa d
100 1 _aSchulze, Walther Edmund.
_9104800
245 1 0 _aCimentaciones /
_cWalther Edmund Schulze, Konrad Simmer ; traducción de José María Rodríguez Ortiz ; adaptación de Ricardo Marsal Monzón.
260 _aMadrid :
_bBlume,
_c1970.
300 _aXV, 365 p. :
_bil. ;
_c25 cm.
700 1 _aSimmer, Konrad,
_econt.
_9220589
700 1 _aRodríguez Ortiz, José María.
_998711
700 1 _aMarsal Monzón, Ricardo.
_977108
852 _aES-MaACL
_jC-37584
_bR.75055
999 _c140249
_d140249